<The> Future of Innovation versus Main Global Trends and Risks
Budúcnosť inovácie, proces inovácie. Päť krokov procesu inovácie podľa autorových skúseností. Inovácia verzus hlavné globalizačné trendy a riziká.
Uložené v:
| Hlavný autor: | |
|---|---|
| Médium: | Kapitola |
| Jazyk: | English |
| Predmet: | |
| Tagy: |
Žiadne tagy, Buďte prvý, kto otaguje tento záznam!
|
MARC
| LEADER | 00000nla$a2200000$$$4500 | ||
|---|---|---|---|
| 001 | 0101033 | ||
| 005 | 20240502083245.5 | ||
| 041 | 0 | |a eng | |
| 044 | |a GB | ||
| 245 | 1 | 0 | |a <The> Future of Innovation versus Main Global Trends and Risks |c Marek Jemala |
| 520 | |a Budúcnosť inovácie, proces inovácie. Päť krokov procesu inovácie podľa autorových skúseností. Inovácia verzus hlavné globalizačné trendy a riziká. | ||
| 610 | 2 | 0 | |a inovácia |
| 610 | 2 | 0 | |a globalizácia |
| 610 | 2 | 0 | |a riziko |
| 610 | 2 | 0 | |a projekty |
| 100 | 1 | |a Jemala, Marek | |